<?xml version="1.0" encoding="UTF-8"?>
<record
    xmlns:xsi="http://www.w3.org/2001/XMLSchema-instance"
    xsi:schemaLocation="http://www.loc.gov/MARC21/slim http://www.loc.gov/standards/marcxml/schema/MARC21slim.xsd"
    xmlns="http://www.loc.gov/MARC21/slim">

  <leader>01306nam a22001337a 4500</leader>
  <datafield tag="999" ind1=" " ind2=" ">
    <subfield code="c">533191</subfield>
    <subfield code="d">533191</subfield>
  </datafield>
  <controlfield tag="008">260429b           ||||| |||| 00| 0 eng d</controlfield>
  <datafield tag="100" ind1=" " ind2=" ">
    <subfield code="a"> Kumar, Rahul and  Tripati Rao, D.</subfield>
    <subfield code="9">60308</subfield>
  </datafield>
  <datafield tag="245" ind1=" " ind2=" ">
    <subfield code="a">Unpacking the black box: Heterogeneous impact of monetary policy shocks on sectoral output in INDIA</subfield>
  </datafield>
  <datafield tag="260" ind1=" " ind2=" ">
    <subfield code="a">Economic &amp; Political Weekly  </subfield>
  </datafield>
  <datafield tag="300" ind1=" " ind2=" ">
    <subfield code="a">61(12), Mar 21, 2026: p.53-63</subfield>
  </datafield>
  <datafield tag="520" ind1=" " ind2=" ">
    <subfield code="a">The time-varying response of aggregate and sectoral output to monetary policy shocks is examined using a time-varying parameter vector autoregression model. The findings indicate that while most sectors respond to monetary policy through multiple monetary transmission channels, the magnitude and direction of impulse responses vary across time and economic conditions. Construction and manufacturing emerge as the most interest-sensitive sectors. The exchange rate and asset price channels exert relatively stronger sectoral efforts during periods of normal economic outlook. Given the redistributive implications of monetary policy, the effectiveness of the inflation targeting regime may require complementary income-supportive fiscal coordination. &#x2013;Reproduced 

https://www.epw.in/journal/2026/12/special-articles/unpacking-black-box.html
</subfield>
  </datafield>
  <datafield tag="773" ind1=" " ind2=" ">
    <subfield code="a">Economic &amp; Political Weekly  </subfield>
  </datafield>
  <datafield tag="942" ind1=" " ind2=" ">
    <subfield code="c">AR</subfield>
  </datafield>
  <datafield tag="952" ind1=" " ind2=" ">
    <subfield code="0">0</subfield>
    <subfield code="1">0</subfield>
    <subfield code="2">ddc</subfield>
    <subfield code="4">0</subfield>
    <subfield code="7">0</subfield>
    <subfield code="9">408362</subfield>
    <subfield code="a">IIPA</subfield>
    <subfield code="b">IIPA</subfield>
    <subfield code="d">2026-04-29</subfield>
    <subfield code="h">61(12), Mar 21, 2026: p.53-63</subfield>
    <subfield code="p">AR138703</subfield>
    <subfield code="r">2026-04-29</subfield>
    <subfield code="y">AR</subfield>
  </datafield>
</record>
